| 000 | 003600000a22001450004500 | ||
|---|---|---|---|
| 003 | MACL | ||
| 040 | _aMACL | ||
| 090 |
_c33388 _d33386 |
||
| 100 | _aKishwar, Madhu | ||
| 245 |
_aOff The Beaten Track _bRethinking Gender Justice for Indian Women |
||
| 260 |
_bOxford University Press _c2002 |
||
| 350 | _a295 | ||
| 650 | _aSociology | ||
| 942 |
_cBOOK _k305.425/KIS |
||
| 999 |
_c33038 _d33038 |
||